La primavera encara el invierno /

Tallennettuna:
Bibliografiset tiedot
Päätekijä: Davis, Mike
Aineistotyyppi: Teksti
Tagit: Lisää tagi
Ei tageja, Lisää ensimmäinen tagi!

MARC

LEADER 00000 a a2200000 04500
001 44836
003
040
100 |a Davis, Mike  
245 |a La primavera encara el invierno /  |c Mike Davis  
773 |g número72 ( , 2012), páginas 5-14  
999 |c 32478  |d 32478